| 000 | 01440nab a22002297a 4500 | ||
|---|---|---|---|
| 999 |
_c5322 _d5322 |
||
| 003 | OSt | ||
| 005 | 20250220113406.0 | ||
| 008 | 190605e xxu||||| |||| 00| 0 spa d | ||
| 040 | _cPJ | ||
| 100 |
_96370 _aLoredo, María Sol |
||
| 245 | 1 | 0 |
_aPrincipio de gratuidad, beneficio de justicia gratuita y costas procesales. Un abordaje sobre la inequidad entre trabajadores y consumidores / _cMaría Sol Loredo. |
| 260 |
_aCiudad Autónoma de Buenos Aires : _bThomson Reuters La Ley, _c2025. |
||
| 300 | _ap. 27-39 | ||
| 500 | _aCita Online: AR/DOC/3133/2024. | ||
| 505 | _aSumario: I. Introducción.— II. Vulnerabilidad de los trabajadores y de los usuarios y consumidores. Análisis comparativo de los arts. 20 de la ley 20.744 y 53 de la ley 24.240.— III. Reflexiones sobre los alcances del beneficio de justicia gratuita y el principio de gratuidad.— IV. Desafíos en el acceso a la justicia: El fallo "Cantos" de la Corte Interamericana de Derechos Humanos y la postura de la Corte Suprema de Justicia de la Nación.— V. Conclusión. | ||
| 505 | _t¿Te interesa el texto completo? Solicitalo al correo: koha@justierradelfuego.gov.ar | ||
| 650 | 0 |
_91316 _aDERECHO LABORAL |
|
| 650 | 0 |
_91514 _aPROCEDIMIENTO LABORAL |
|
| 650 | 0 |
_91339 _aCONFLICTOS DE TRABAJO |
|
| 773 | 0 |
_02711 _93168 _dCiudad Autónoma de Buenos Aires : Thomson Reuters La Ley, 1999-2002. _tRevista de derecho del trabajo. Nº 1 - Enero 2025 |
|
| 942 |
_2udc _cANA |
||